Sanskrit literature renderd into Urdu / (Record no. 37470)

MARC details
000 -LEADER
fixed length control field 00898nam a22002417a 4500
005 - DATE AND TIME OF LATEST TRANSACTION
control field 20100723163741.0
010 ## - LCCN (DPL NO)
LC control number ENG-96664
020 ## - INTERNATIONAL STANDARD BOOK NUMBER
International Standard Book Number 9788124604885
Terms of availability 160.00
020 ## - INTERNATIONAL STANDARD BOOK NUMBER
International Standard Book Number 8124604886
Terms of availability 160.00
035 ## - SYSTEM CONTROL NUMBER
System control number EN-80197
037 ## - SOURCE OF ACQUISITION
Source of stock number/acquisition DBAD/PUB
082 ## - DEWEY DECIMAL CLASSIFICATION NUMBER
Classification number 810.8
100 ## - MAIN ENTRY--PERSONAL NAME
Personal name Ghani, Shaik Abdul
245 ## - TITLE STATEMENT
Title Sanskrit literature renderd into Urdu /
Statement of responsibility, etc by Shaik Abdul Ghani
260 ## - PUBLICATION, DISTRIBUTION, ETC. (IMPRINT)
Place of publication, distribution, etc Hyaderabad
Name of publisher, distributor, etc Sanskrit Academy Osmania University
Date of publication, distribution, etc 2009
260 ## - PUBLICATION, DISTRIBUTION, ETC. (IMPRINT)
Place of publication, distribution, etc New Delhi
Name of publisher, distributor, etc D. K. Printworld (P)
Date of publication, distribution, etc 2009
270 ## - ADDRESS
Address Osmnia University
City HYDRABAD
Postal code 500007
270 ## - ADDRESS
Address sRIKUNJ, f-52, Bali Nagar
City New Delhi
Postal code 110015
300 ## - PHYSICAL DESCRIPTION
Extent 110 p.
Dimensions 24cm (pbk)
500 ## - GENERAL NOTE
General note Includes bibliographical references and index
942 ## - ADDED ENTRY ELEMENTS (KOHA)
Source of classification or shelving scheme Dewey Decimal Classification
Item type English Books
Classification part 810.8
Call number suffix GHA
Holdings
Withdrawn status Lost status Not for loan Collection code Home library Current library Date acquired Cost, normal purchase price Full call number Barcode Copy number Cost, replacement price Koha item type
    Not For Loan Non-fiction D.B.Act.Division D.B.Act.Division 23/07/2010 160.00 810.8 GHA EN-80197 1 160.00 English Books

© Delhi Public Library
Hit Counter
free hit counter